Diccionario de marketing / (Record no. 9187)

MARC details
000 -LEADER
fixed length control field 00528nam a22001697a 4500
005 - DATE AND TIME OF LATEST TRANSACTION
control field 20150124121520.0
008 - FIXED-LENGTH DATA ELEMENTS--GENERAL INFORMATION
fixed length control field 110601t sp||||| |||| 00| 0 spa d
020 ## - INTERNATIONAL STANDARD BOOK NUMBER
International Standard Book Number 8480552557
050 04 - LIBRARY OF CONGRESS CALL NUMBER
Classification number HF5412
Item number D53 1999
245 00 - TITLE STATEMENT
Title Diccionario de marketing /
Statement of responsibility, etc cord. gral. Bruno Pujol Bengoechea.
250 ## - EDITION STATEMENT
Edition statement 1a ed.
260 ## - PUBLICATION, DISTRIBUTION, ETC. (IMPRINT)
Place of publication, distribution, etc Madrid, España :
Name of publisher, distributor, etc Cultural,
Date of publication, distribution, etc 1999
300 ## - PHYSICAL DESCRIPTION
Extent 400 p. ;
Dimensions 28 cm.
650 #7 - SUBJECT ADDED ENTRY--TOPICAL TERM
Source of heading or term Lemb
Topical term or geographic name as entry element Marketing, mercadeo
Form subdivision Diccionarios, enciclopedias
700 1# - ADDED ENTRY--PERSONAL NAME
Personal name Pujol Bengoechea, Bruno,
Relator term cord.
942 ## - ADDED ENTRY ELEMENTS (KOHA)
Source of classification or shelving scheme Clasificación Decimal Dewey
Koha item type Libro
Holdings
Estado de pérdida Fuente de clasificación Estado del daño No para préstamo Ubicación permanente Ubicación actual Apartado o colección Fecha de adquisición Clasificación Código de Barras Date last seen Número de copia Tipo de recurso Nota pública
  Biblioteca del Cogreso de los Estados Unidos     Biblioteca de la Unidad de Ciencias Ingeniería y Humanidades Biblioteca de la Unidad de Ciencias Ingeniería y Humanidades General 01/06/2011 HF5412 D53 1999 BCU000015622 01/06/2011 C : 1 Libro Romero